000 00725nam a2200229 i 4500
001 133685
003 ES-MaACL
005 20240223093200.0
007 t|
008 070824s1932 fr ||||1| fre d
100 1 _aMalaparte, Curzio.
_975687
245 1 3 _aLe bonhomme Lenin /
_cpor Curzio Malaparte [seud.] ; [traduit de l'italien par Juliette Bertrand].
250 _a3ª ed.
260 _aParis :
_bBernard Grasset,
_c1932 (
_fMayenne Floch)
300 _aXIII, 386 p., 1 lám. retr. ;
_c19 cm.
490 1 _aLes ecrits
600 1 4 _aLenin, Vladimir Il'ich,
_d1870-1924
_971523
700 1 _aBertrand, Juliette.
_928531
830 1 _aLes ecrits
_9186953
852 _aES-MaACL
_jA-1278
999 _c133685
_d133685